• 首页
  • 本馆介绍
  • 公告通知
  • 最新文献
  • 馆藏检索
  • 电子资源
  • 读者导购
  • 参考咨询
  • 我的图书馆
  • 登录
  • 详细信息显示
  • 放入我的书架
  • 预约/预借图书
  • 作者相关作品
  • 分类相关作品
  • 丛书相关作品
  • 出版社相关作品

书目信息

  • 表格格式
  • 工作单格式
  • 卡片格式
题名:
国榷
    
 
作者: 谈迁 著 ;张宗祥 校点
分册: 三  
出版信息: 北京   中华书局  1988.6
页数: 2097-3164页
开本: 20cm
丛书名:
单 册:
中图分类: K248.03
科图分类:
主题词: 中国--古代史--明代
电子资源:
ISBN: 7-101-00372-9
000 00716nam0 2200205 45
001 0312221749
005 20061118101130.82
010    @a7-101-00372-9@dCNY66.20@b精装
100    @a20031222d1988 km y0chiy0120 ea
101    @achi
200 1  @a国榷@h三@e英宗天顺四年庚辰起武宗正德十三年戊寅止@AGuo Que@f(明)谈迁著@F(Ming)Tan Qian Zhu@g张宗祥校点
210    @a北京@c中华书局@d1988.6
215    @a2097-3164页@d20cm
517 1  @a英宗天顺四年庚辰起武宗正德十三年戊寅止@Aying zong tian shun si nian geng chen qi wu zong zheng de shi san nian wu yin zhi
606 0  @a中国@x古代史@z明代
690    @aK248.03@v3
701 0  @a谈迁@4著
702 0  @a张宗祥@4校点
801    @aCN@bTSTCL@c20061118
905    @a10447@dK248.03@e53:3
    
    国榷.三:英宗天顺四年庚辰起武宗正德十三年戊寅止/(明)谈迁著/张宗祥校点.-北京:中华书局,1988.6
    2097-3164页;20cm
    
    
    ISBN 7-101-00372-9(精装):CNY66.20
    
●
相关链接 在E读中查询图书 在五车中查询图书 在当当中查询图书 在豆瓣中查询图书


正题名:国榷     索取号:K248.03/53:3         预约/预借

序号 登录号 条形码 馆藏地/架位号 状态 备注
1 0239189   202120114   第二样本阅览室/ [索取号:K248.03/53:3] 在馆    
唐山师范学院图书馆 欢迎您!
大连网信软件有限公司© 版权所有